| 000 | 00468nam a22001577a 4500 | ||
|---|---|---|---|
| 003 | PILC | ||
| 005 | 20150112093433.0 | ||
| 008 | 130222t xxu||||| |||| 00| 0 eng d | ||
| 020 | _a9780521170543 | ||
| 050 |
_aPE 1128 _b.C178 2010 |
||
| 082 |
_aLnSF LnSF _bC328 2010 |
||
| 245 |
_aCambridge practice tests for IELTS 3 / _cVanessa Jakeman, Clare McDowell |
||
| 260 |
_aCambridge _bCambridge University Press _c2010. |
||
| 300 |
_a172 pages : _c24 cm. |
||
| 942 |
_2lcc _cBK |
||
| 999 |
_c14457 _d14457 |
||